000 00518nam a2200169 a 4500
001 000048086
005 20201002060918.0
008 181114s2015a rd 000 spa d
020 _a9789945083927
040 _aDO-SdBNP
_bspa
_cBNPHU
082 _axxx
_bR685n
100 _aRodríguez Guglielmoni, Linda M.
_925666
245 0 _aNena se va de paseo con sus amigos. /
_cLinda M. Rodriguez Guglielmoni.
260 _aSanto Domingo :
_bBúho,
_c2015.
300 _a28 p. :
_bil
_v23 cm
590 _aInventariado, 2018 / DG
999 _c47574
_d47574